Online
Catalog

John Toronto : (Record no. 1255)

MARC details
000 -CABECERA
campo de control de longitud fija 00666cam a2200217 a 4500
001 - NÚMERO DE CONTROL
campo de control 000001321
003 - IDENTIFICADOR DEL NÚMERO DE CONTROL
campo de control OSt
005 - FECHA Y HORA DE LA ÚLTIMA TRANSACCIÓN
campo de control 20200929145536.0
008 - DATOS DE LONGITUD FIJA--INFORMACIÓN GENERAL
campo de control de longitud fija 700706s1969 xxc b 000 0beng
040 ## - FUENTE DE LA CATALOGACIÓN
Centro catalogador/agencia de origen DO-SdBNP
Lengua de catalogación spa
Centro/agencia transcriptor BNPHU
082 ## - NÚMERO DE LA CLASIFICACIÓN DECIMAL DEWEY
Número de clasificación 922.271
Número de documento/Ítem T686B
100 1# - ENTRADA PRINCIPAL--NOMBRE DE PERSONA
Nombre de persona Boorman, Sylvia,
Fechas asociadas al nombre 1923-
9 (RLIN) 4461
245 10 - MENCIÓN DE TÍTULO
Título John Toronto :
Resto del título a biography of Bishop Strachan /
Mención de responsabilidad, etc. Sylvia Boorman.
260 ## - PUBLICACIÓN, DISTRIBUCIÓN, ETC.
Lugar de publicación, distribución, etc. Toronto, Ontario, Canada :
Nombre del editor, distribuidor, etc. Clarke Irwin,
Fecha de publicación, distribución, etc. 1969.
300 ## - DESCRIPCIÓN FÍSICA
Extensión 222 p. ;
Dimensiones 22 cm.
504 ## - NOTA DE BIBLIOGRAFÍA, ETC.
Nota de bibliografía, etc. Bibliografía: p. [219]-222.
590 ## - NOTA LOCAL (RLIN)
Nota local Inventariado, 2020/ YL
600 10 - PUNTO DE ACCESO ADICIONAL DE MATERIA--NOMBRE DE PERSONA
Nombre de persona STRACHAN, JOHN,
Fechas asociadas al nombre 1778-1867.
Subdivisión general BIOGRAFÍA
9 (RLIN) 4462
910 ## - DATOS DE OPCIÓN DEL USUARIO (OCLC)
Datos de opción del usuario En proceso
942 ## - ELEMENTOS DE PUNTO DE ACCESO ADICIONAL (KOHA)
Fuente del sistema de clasificación o colocación Dewey Decimal Classification
Tipo de ítem Koha Libros y folletos
Holdings
Estado de retiro Estado de pérdida Restricciones de uso No para préstamo Código de colección Localización permanente Ubicación/localización actual Ubicación en estantería Fecha de adquisición Número de inventario Total de préstamos Signatura topográfica completa Código de barras Fecha visto por última vez Precio válido a partir de Tipo de ítem Koha
    Préstamo interno   Monografías: Libros y Folletos General General Depósito 04.09.2009 LF1   922.271 T686B 1321-10 25.06.2020 25.06.2020 Préstamo interno

Powered by Koha